Godzilla: Showa Era - Statistics

General Stats
  • This quiz has been taken 14 times
  • The average score is 14 of 15
Answer Stats
Year Film % Correct
1969 All Monsters Attack
100%
1964 Ghidorah: The Three Headed Monster
100%
1954 Godzilla
100%
1955 Godzilla Raids Again
100%
1972 Godzilla vs Gigan
100%
1974 Godzilla vs Mechagodzilla
100%
1973 Godzilla vs Megalon
100%
1962 King Kong vs Godzilla
100%
1967 Son of Godzilla
100%
1968 Destroy All Monsters
92%
1966 Ebirah, Horror of the Deep
92%
1971 Godzilla vs Hedorah
92%
1965 Invasion of Astro-Monster
92%
1964 Mothra vs Godzilla
92%
1975 Terror of Mechagodzilla
85%
No matching quizzes found
Score Distribution
Percent of People with Each Score
Percentile by Number Answered
Your Score History
You have not taken this quiz